Report on status of regional integration in Africa: progress, problems and perspective (Record no. 80089)

MARC details
000 -LEADER
fixed length control field 00895nam a2200241 a 4500
003 - CONTROL NUMBER IDENTIFIER
control field CBULib
005 - DATE AND TIME OF LATEST TRANSACTION
control field 20240528130505.0
008 - FIXED-LENGTH DATA ELEMENTS--GENERAL INFORMATION
fixed length control field 100310s2003 ||||||||||||||||| || u
040 ## - CATALOGING SOURCE
Original cataloging agency CBULib
Transcribing agency CBULib
Modifying agency CBULib
Description conventions rda
Language of cataloging English
050 ## - LIBRARY OF CONGRESS CALL NUMBER
Classification number UNECA(058)RSRIA/2003
110 ## - MAIN ENTRY--CORPORATE NAME
Corporate name or jurisdiction name as entry element United Nations Economic Commission For Africa(UNECA)
245 10 - TITLE STATEMENT
Title Report on status of regional integration in Africa: progress, problems and perspective
Statement of responsibility, etc by United Nations Economic Commission for Africa (UNECA)
260 ## - PUBLICATION, DISTRIBUTION, ETC. (IMPRINT)
Place of publication, distribution, etc Addis Ababa :
Name of publisher, distributor, etc United Nations
Date of publication, distribution, etc 2003
300 ## - PHYSICAL DESCRIPTION
Extent vi, 34 pages.: illustrations
336 ## - CONTENT TYPE
Source rdacontent
Content type term Text |
Content type code txt
337 ## - MEDIA TYPE
Source rdamedia
Media type term Unmediated |
Media type code c
338 ## - CARRIER TYPE
Source rdacarrier
Carrier type term Volume
Carrier type code nc
500 ## - GENERAL NOTE
General note Bibliography
610 #0 - SUBJECT ADDED ENTRY--CORPORATE NAME
Corporate name or jurisdiction name as entry element United Nations Economic Commissions for Africa (UNECA)
9 (RLIN) 631
630 #0 - SUBJECT ADDED ENTRY--UNIFORM TITLE
9 (RLIN) 820
Uniform title Make
650 ## - SUBJECT ADDED ENTRY--TOPICAL TERM
Topical term or geographic name as entry element REGIONAL INTEGRATION--AFRICA
942 ## - ADDED ENTRY ELEMENTS (KOHA)
Source of classification or shelving scheme
Koha item type INTERNATIONAL PUBLICATIONS
Holdings
Withdrawn status Lost status Source of classification or shelving scheme Damaged status Not for loan Collection code Permanent Location Current Location Shelving location Date acquired Source of acquisition Full call number Barcode Date last seen Copy number Price effective from Koha item type
          Special Collections CBU-MAIN LIBRARY, KITWE. CBU-MAIN LIBRARY, KITWE. Special Collections 06/29/2023 DEP-UNECA UNECA(058)RSRIA/2003B 03007028 06/29/2023 1 06/29/2023 INTERNATIONAL PUBLICATIONS
          Special Collections CBU-MAIN LIBRARY, KITWE. CBU-MAIN LIBRARY, KITWE. Special Collections 06/29/2023 DEP-UNECA UNECA(058)RSRIA/2003C B1123 06/29/2023 2 06/29/2023 INTERNATIONAL PUBLICATIONS
          Special Collections CBU-MAIN LIBRARY, KITWE. CBU-MAIN LIBRARY, KITWE. Special Collections 06/29/2023 DEP-UNECA UNECA(058)RSRIA/2003D B1682 06/29/2023 3 06/29/2023 INTERNATIONAL PUBLICATIONS
          Special Collections CBU-MAIN LIBRARY, KITWE. CBU-MAIN LIBRARY, KITWE. Special Collections 06/29/2023 DEP-UNECA UNECA(058)RSRIA/2003E B1683 06/29/2023 4 06/29/2023 INTERNATIONAL PUBLICATIONS
          Special Collections CBU-MAIN LIBRARY, KITWE. CBU-MAIN LIBRARY, KITWE. Special Collections 06/29/2023 DEP-UNECA UNECA(058)RSRIA/2003A 03006025 06/29/2023 5 06/29/2023 INTERNATIONAL PUBLICATIONS